Briefing (Record no. 80660)
[ view plain ]
| 000 -LEADER | |
|---|---|
| fixed length control field | 01097cab a22002055a 4500 |
| 001 - CONTROL NUMBER | |
| control field | L144949 |
| 008 - FIXED-LENGTH DATA ELEMENTS--GENERAL INFORMATION | |
| fixed length control field | 080826s2008 xxk adof 000 0 eng d |
| 035 ## - SYSTEM CONTROL NUMBER | |
| System control number | (Sirsi) u144949 |
| 041 0# - LANGUAGE CODE | |
| Language code of text/sound track or separate title | eng |
| 110 2# - MAIN ENTRY--CORPORATE NAME | |
| Corporate name or jurisdiction name as entry element | Institution of Civil Engineers ICT Panel |
| 9 (RLIN) | 5598 |
| 245 00 - TITLE STATEMENT | |
| Title | Briefing |
| Remainder of title | knowledge and information management for major projects |
| 260 ## - PUBLICATION, DISTRIBUTION, ETC. | |
| Date of publication, distribution, etc. | 2008 |
| 490 ## - SERIES STATEMENT | |
| Series statement | Proceedings of the Institution of Civil Engineers |
| -- | Management, Procurement and Law |
| Volume/sequential designation | 161(MPI) February 2008, 9-16(8) |
| 520 ## - SUMMARY, ETC. | |
| Summary, etc. | Helps to identify the problems facing adoption of best working practices of information management on major projects. Discusses the goal of supporting the whole life cycle from the beginning of the projects to operation and maintenance, and disposal or change of use of the facility. Provides the steps to address the lack of knowledge. Lists and explains the key industry standards for a Common Data Environment (CDE). |
| 590 ## - LOCAL NOTE (RLIN) | |
| Local note | KA |
| 650 24 - SUBJECT ADDED ENTRY--TOPICAL TERM | |
| Topical term or geographic name entry element | COMMON DATA ENVIRONMENT (CDE) |
| 651 #4 - SUBJECT ADDED ENTRY--GEOGRAPHIC NAME | |
| Geographic name | International |
| 690 ## - LOCAL SUBJECT ADDED ENTRY--TOPICAL TERM (OCLC, RLIN) | |
| Topical term or geographic name as entry element | MANAGEMENT-BUSINESS MANAGEMENT-INFORMATION MANAGEMENT |
| 942 ## - ADDED ENTRY ELEMENTS (KOHA) | |
| Suppress in OPAC | 0 |
| Withdrawn status | Lost status | Source of classification or shelving scheme | Damaged status | Not for loan | Home library | Current library | Shelving location | Date acquired | Total Checkouts | Full call number | Barcode | Date last seen | Copy number | Price effective from | Koha item type |
|---|---|---|---|---|---|---|---|---|---|---|---|---|---|---|---|
| Dewey Decimal Classification | London | London | Journal article | 26/08/2008 | L144949 | 144949-1001 | 06/08/2019 | 1 | 06/08/2019 | Journal article |